00345nam a2200097Ia 4500008004000000082001500040100003800055245010000093260004600193300000800239210210b1995 xxu||||| |||| 00| 0 eng d a158.1 WARS aWARREN (Eve) and TOLL (Caroline). aStress work Book: how individuals teams and organisations can balance pressure and performance. aLondonbNicholas Brealey Publishingc1995 a184